| 000 | 00640nam a2200169 i 4500 | ||
|---|---|---|---|
| 001 | 184855 | ||
| 003 | ES-MaACL | ||
| 005 | 20250902004609.0 | ||
| 008 | 160205s1888 po |||| | por d | ||
| 110 | 2 |
_aAteneu Comercial do Porto. _bBiblioteca _9158692 |
|
| 245 | 1 | 0 |
_aCatalogo geral da bibliotheca do Atheneu Commercial do Porto _b: concluido em Dezembro de 1887 / _cAtheneu Commercial. |
| 260 |
_aPorto : _b[s.n.], _c1888 ( _fTyp. de Arthur José de Souza) |
||
| 300 |
_a403 p. ; _c21 cm. |
||
| 610 | 2 | 7 |
_aAteneu Comercial do Porto. _bBiblioteca- _vCatálogos _2 _9159147 |
| 852 |
_aES-MaACL _jG-8728 |
||
| 999 |
_c184855 _d184855 |
||